Представление документа в формате MARC21

Поле Инд. ПП Название Значение
Тип записи a
Библиографический уровень m
001 Контрольный номер c70f7c33-b778-41a5-b9a8-de0590798e9d
005 Дата корректировки 20180409143558.4
008 Кодируемые данные 050511
040 a Служба первич. каталог. НБ ТвГУ
041 a Код языка текста rus
080 a Индекс УДК 316.653(075.8)
084 a Индекс другой классификации/Индекс ББК С527я73-1
090 a Полочн. индекс С527
x Авторский знак С69
245 10 a Заглавие Социологические проблемы изучения общественного мнения [Электронный ресурс]
b Продолж. заглавия учеб.-метод. комплекс
c Ответственность Твер. гос. ун-т, Каф. социологии и политологии ; [авт.-сост. В. А. Михайлов]
260 0_ a Место издания Тверь
b Издательство Тверской государственный университет
c Дата издания 2004
300 a Объем 69 с.
650 a Основная рубрика Общественное мнение
x Основная подрубрика Социология
x Основная подрубрика Учебники для вузов
650 a Основная рубрика Социологические исследования
653 a Ключевые слова Общественное мнение
a Ключевые слова Социологические исследования
a Ключевые слова Социология
a Ключевые слова Труды Тверского государственного университета
700 1_ a Другие авторы Михайлов Валерий Алексеевич
e Роль лиц авт.-сост.
710 a Организация/ юрисдикция Тверской государственный университет
856 u URL http://texts.lib.tversu.ru/texts2/00233umk.pdf
x Примечание для ЭОР Реестр суммарного учета сетевых локальных документов
930 a Новая/Ретро полный текст
a Новая/Ретро учебники
952 c Вид литературы К рум
954 a Дата поступления на обработку 20050524